000 00357nam a2200121Ia 4500
005 20260326100025.0
008 260326s9999||||xx |||||||||||||| ||und||
100 _aIntituto Nacional de Bellas arte
245 0 _aAnuario de Arquitectura Mexicana 1978 /
_cIntituto Nacional de Bellas arte
260 _bLito arte
650 _aARQUITECTURA REGIONAL
942 _cBK
999 _c6336
_d6336